<?xml version="1.0" encoding="UTF-8"?><?xml-stylesheet type="text/xsl" href="static/style.xsl"?><OAI-PMH xmlns="http://www.openarchives.org/OAI/2.0/" xmlns:xsi="http://www.w3.org/2001/XMLSchema-instance" xsi:schemaLocation="http://www.openarchives.org/OAI/2.0/ http://www.openarchives.org/OAI/2.0/OAI-PMH.xsd"><responseDate>2026-04-28T21:19:07Z</responseDate><request verb="GetRecord" identifier="oai:uvadoc.uva.es:10324/6471" metadataPrefix="marc">https://uvadoc.uva.es/oai/request</request><GetRecord><record><header><identifier>oai:uvadoc.uva.es:10324/6471</identifier><datestamp>2025-02-19T08:15:08Z</datestamp><setSpec>com_10324_1133</setSpec><setSpec>com_10324_931</setSpec><setSpec>com_10324_894</setSpec><setSpec>col_10324_1209</setSpec></header><metadata><record xmlns="http://www.loc.gov/MARC21/slim" xmlns:doc="http://www.lyncode.com/xoai" xmlns:xsi="http://www.w3.org/2001/XMLSchema-instance" xmlns:dcterms="http://purl.org/dc/terms/" xsi:schemaLocation="http://www.loc.gov/MARC21/slim http://www.loc.gov/standards/marcxml/schema/MARC21slim.xsd">
<leader>00925njm 22002777a 4500</leader>
<datafield tag="042" ind1=" " ind2=" ">
<subfield code="a">dc</subfield>
</datafield>
<datafield tag="720" ind1=" " ind2=" ">
<subfield code="a">Martínez García, María del Carmen</subfield>
<subfield code="e">author</subfield>
</datafield>
<datafield tag="720" ind1=" " ind2=" ">
<subfield code="a">Merayo Lloves, Jesús</subfield>
<subfield code="e">author</subfield>
</datafield>
<datafield tag="260" ind1=" " ind2=" ">
<subfield code="c">2006</subfield>
</datafield>
<datafield tag="520" ind1=" " ind2=" ">
<subfield code="a">The wound-healing response is critical to the outcome of refractive surgery and studying wound healing contributes to an understanding of the&#xd;
pathophysiology of other corneal injuries. Animal models allow research to be conducted with sufficient samples and under controlled parameters.&#xd;
We studied the hen to determine the healing process from clinical, biophysical, and biological standpoints after photorefractive keratectomy&#xd;
(PRK). PRK ( 6.0 diopters) was performed in hen eyes. At 3, 6, 12, 24, 48, and 72 h and 5, 7, 15, 30, and 60 days postoperatively, we&#xd;
studied the clinical follow-up, objective measurements of light transmission (direct transmittance), apoptosis by TUNEL assay, proliferation by&#xd;
immunocytochemical analysis of 5-bromo-20-deoxyuridine, and expression of alpha smooth muscle actin (SMA) in myofibroblasts in the&#xd;
corneas. Hen corneas reepithelialize quickly. Haze developed from 5 to 60 days after surgery and was correlated with the appearance and&#xd;
finalization of the expression of SMA. The direct transmittance of light was low during the first 15 days and improved at 30 and 60 days.&#xd;
TUNEL-positive cells were observed 3 h after surgery and the numbers decreased thereafter. Epithelial proliferation began at 12 h and was&#xd;
greater at 48 h, while stromal cell proliferation began at 24 h and was greater at 72 h. The hen cornea is anatomically similar to the human&#xd;
cornea, and the manner in which it heals is a good model for studying different surgical techniques and pharmacologic assays.</subfield>
</datafield>
<datafield tag="024" ind2=" " ind1="8">
<subfield code="a">Experimental Eye Research, 2006, vol. 83. p.728-735</subfield>
</datafield>
<datafield tag="024" ind2=" " ind1="8">
<subfield code="a">0014-4835</subfield>
</datafield>
<datafield tag="024" ind2=" " ind1="8">
<subfield code="a">http://uvadoc.uva.es/handle/10324/6471</subfield>
</datafield>
<datafield tag="024" ind2=" " ind1="8">
<subfield code="a">728</subfield>
</datafield>
<datafield tag="024" ind2=" " ind1="8">
<subfield code="a">735</subfield>
</datafield>
<datafield tag="024" ind2=" " ind1="8">
<subfield code="a">Experimental Eye Research</subfield>
</datafield>
<datafield tag="024" ind2=" " ind1="8">
<subfield code="a">83</subfield>
</datafield>
<datafield ind1=" " ind2=" " tag="653">
<subfield code="a">Cirugía refractiva</subfield>
</datafield>
<datafield tag="245" ind1="0" ind2="0">
<subfield code="a">Wound healing following refractive surgery in hens</subfield>
</datafield>
</record></metadata></record></GetRecord></OAI-PMH>